000
00267nam a2200121Ia 4500
008
190216s9999||||xx |||||||||||||| ||und||
100
_a
Kunhi Kuttan Thamburan
245
0
_a
Ascharya Choodamani
260
_b
Null
300
_a
156
650
_a
Nadakam
942
_c
BK
999
_c
24334
_d
24334